000 01684nam2a22002771 4500
001 RU\NLR\INFOCOMM55\1000055724
005 20040527164249.0
035 _a(NLR Aleph) 002571333
090 _a3192275
_c3192275
100 _a20040527d1970 |||y0rusy50 ca
101 0 _arus
102 _aRU
105 _ay |||||||||
200 1 _aПолучение эпитаксиальных слоев полупроводниковых соединений А(III)B(V)
_hЧ.1
_fВ.Н. Черняев и др.
210 _d1970
225 1 _a...
_vВып.153
_i...
_vВып.1
461 0 _1001RU\NLR\INFOCOMM55\1000056712
_12001#$aОбзоры по электронной технике$fМ-во электронной пром-сти СССР. Ин-т "Электроника"$vВып.153
_93197280
_cМ.
_d1968-
_fМ-во электронной пром-сти СССР. Ин-т "Электроника"
_tОбзоры по электронной технике
_vВып.153
462 0 _1001RU\NLR\INFOCOMM55\1000055723
_12001#$aОбзоры по электронной технике ...$iСерия Материалы$fМ-во электронной пром-сти СССР. Ин-т "Электроника"$vВып.1
_93192266
_cМ.
_d1970-
_fМ-во электронной пром-сти СССР. Ин-т "Электроника"
_iСерия Материалы
_tОбзоры по электронной технике. - Обзоры по электронной технике
_vВып.1
700 1 _aЧерняев
_bВ. Н.
_4070
801 0 _aRU
_bNLR
_gPSBO
801 1 _aRU
_bInfoComm
_c20040527
852 _aNLR
_jП51/94
942 _cISSUE
980 _aNB
980 _aRUSPER